[Event "EYCC 2024 - G12"]
[Site "?"]
[Date "2024.08.28"]
[Round "6.10"]
[White "Turcanu, Otilia"]
[Black "Mirzaliyeva, Fatima Eldar"]
[Result "0-1"]
[BlackElo "1604"]
[WhiteElo "1710"]
[LiveChessVersion "1.4.8"]

1. e4 {[%clk 1:30:57]} c5 {[%clk 1:30:53]} 2. Nc3 {[%clk 1:31:22]} d6
{[%clk 1:31:15]} 3. Nge2 {[%clk 1:31:45]} g6 {[%clk 1:31:32]} 4. d4
{[%clk 1:32:01]} cxd4 {[%clk 1:31:42]} 5. Nxd4 {[%clk 1:32:25]} Bg7
{[%clk 1:31:43]} 6. g3 {[%clk 1:32:28]} Nf6 {[%clk 1:31:34]} 7. h3
{[%clk 1:32:36]} Bd7 {[%clk 1:27:11]} 8. Bg2 {[%clk 1:32:49]} Nc6
{[%clk 1:26:05]} 9. Nde2 {[%clk 1:32:04]} Rb8 {[%clk 1:23:43]} 10. a4
{[%clk 1:30:29]} O-O {[%clk 1:23:03]} 11. O-O {[%clk 1:29:52]} Qc8
{[%clk 1:15:12]} 12. Kh2 {[%clk 1:27:23]} h5 {[%clk 1:03:39]} 13. Be3
{[%clk 1:24:33]} Kh7 {[%clk 0:57:11]} 14. Qd2 {[%clk 1:22:22]} Ne5
{[%clk 0:51:12]} 15. Bxa7 {[%clk 1:16:33]} Ra8 {[%clk 0:50:13]} 16. Bd4
{[%clk 1:06:00]} Bxh3 {[%clk 0:45:31]} 17. f4 {[%clk 1:04:51]} Nc4
{[%clk 0:35:54]} 18. Qc1 {[%clk 1:05:08]} Bxg2 {[%clk 0:34:21]} 19. Kxg2
{[%clk 1:05:19]} e5 {[%clk 0:34:26]} 20. Bf2 {[%clk 0:58:49]} Qc6
{[%clk 0:32:00]} 21. b4 {[%clk 0:52:02]} b6 {[%clk 0:29:52]} 22. Qe1
{[%clk 0:42:37]} Ng4 {[%clk 0:19:39]} 23. Qc1 {[%clk 0:33:14]} f5
{[%clk 0:16:42]} 24. fxe5 {[%clk 0:28:17]} Bxe5 {[%clk 0:15:50]} 25. Nd4
{[%clk 0:25:00]} Nce3+ {[%clk 0:13:37]} 26. Bxe3 {[%clk 0:22:30]} Qxc3
{[%clk 0:13:58]} 27. Ra3 {[%clk 0:21:52]} Nxe3+ {[%clk 0:14:14]} 28. Qxe3
{[%clk 0:21:59]} Qxe3 {[%clk 0:14:35]} 29. Rxe3 {[%clk 0:21:45]} Bxd4
{[%clk 0:14:59]} 30. Rd3 {[%clk 0:21:53]} Be5 {[%clk 0:15:17]} 31. exf5
{[%clk 0:22:01]} Rxf5 {[%clk 0:15:19]} 32. Rxf5 {[%clk 0:22:10]} gxf5
{[%clk 0:15:45]} 33. Ra3 {[%clk 0:22:22]} Bb2 {[%clk 0:14:56]} 34. Ra2
{[%clk 0:22:21]} Bc3 {[%clk 0:15:19]} 35. b5 {[%clk 0:22:33]} Re8
{[%clk 0:15:22]} 36. Kf3 {[%clk 0:22:34]} Re4 {[%clk 0:14:26]} 37. Ra3
{[%clk 0:22:26]} Rc4 {[%clk 0:14:20]} 38. Kg2 {[%clk 0:22:07]} Kg6
{[%clk 0:14:01]} 39. Kf3 {[%clk 0:22:17]} Kg5 {[%clk 0:14:14]} 40. Kg2
{[%clk 0:21:17]} d5 {[%clk 0:14:01]} 41. Kf3 {[%clk 0:21:06]} Bb2
{[%clk 0:14:13]} 42. Ra2 {[%clk 0:20:30]} Bc3 {[%clk 0:12:44]} 43. Kg2
{[%clk 0:19:35]} Kg4 {[%clk 0:12:51]} 44. Ra3 {[%clk 0:19:17]} Ba5
{[%clk 0:12:23]} 45. Rd3 {[%clk 0:18:26]} d4 {[%clk 0:12:03]} 46. Kf1
{[%clk 0:17:27]} Rxa4 {[%clk 0:12:04]} 47. Ke2 {[%clk 0:16:45]} Bc3
{[%clk 0:12:14]} 48. Rf3 {[%clk 0:16:01]} Ra2 {[%clk 0:12:03]} 49. Rf4+
{[%clk 0:16:07]} Kg5 {[%clk 0:12:22]} 50. Kd3 {[%clk 0:16:22]} Ra4
{[%clk 0:12:42]} 51. Rh4 {[%clk 0:15:47]} Rb4 {[%clk 0:12:56]} 0-1

[Event "EYCC 2024 - G12"]
[Site "?"]
[Date "2024.08.28"]
[Round "6.11"]
[White "Janouskova, Eliska"]
[Black "Rzadkowska, Kaja"]
[Result "0-1"]
[BlackElo "1825"]
[WhiteElo "1672"]
[LiveChessVersion "1.4.8"]

1. e4 {[%clk 1:30:59]} c5 {[%clk 1:30:57]} 2. Nf3 {[%clk 1:31:07]} e6
{[%clk 1:31:23]} 3. b3 {[%clk 1:31:03]} Nc6 {[%clk 1:31:17]} 4. Bb2
{[%clk 1:30:52]} a6 {[%clk 1:30:45]} 5. c4 {[%clk 1:27:37]} Nf6 {[%clk 1:28:32]}
6. e5 {[%clk 1:22:20]} Ng4 {[%clk 1:28:06]} 7. g3 {[%clk 1:10:05]} Be7
{[%clk 1:22:40]} 8. Qe2 {[%clk 1:03:38]} O-O {[%clk 1:14:42]} 9. Bg2
{[%clk 0:59:00]} d6 {[%clk 0:58:14]} 10. exd6 {[%clk 0:55:48]} Bxd6
{[%clk 0:51:42]} 11. O-O {[%clk 0:54:47]} Nh6 {[%clk 0:48:46]} 12. Rd1
{[%clk 0:50:32]} e5 {[%clk 0:45:30]} 13. Nc3 {[%clk 0:47:18]} Re8
{[%clk 0:42:36]} 14. Ne4 {[%clk 0:45:24]} Bf8 {[%clk 0:38:54]} 15. d3
{[%clk 0:40:22]} Bg4 {[%clk 0:34:26]} 16. h3 {[%clk 0:35:00]} Bh5
{[%clk 0:32:51]} 17. Qd2 {[%clk 0:30:39]} f5 {[%clk 0:23:58]} 18. Nc3
{[%clk 0:30:18]} e4 {[%clk 0:17:09]} 19. dxe4 {[%clk 0:29:33]} fxe4
{[%clk 0:14:31]} 20. Qf4 {[%clk 0:20:52]} Qb8 {[%clk 0:12:53]} 21. Qxb8
{[%clk 0:18:32]} Raxb8 {[%clk 0:12:40]} 22. Ng5 {[%clk 0:18:21]} Bxd1
{[%clk 0:12:51]} 23. Rxd1 {[%clk 0:16:42]} e3 {[%clk 0:10:57]} 24. Bd5+
{[%clk 0:14:08]} Kh8 {[%clk 0:11:23]} 25. fxe3 {[%clk 0:13:23]} Nb4
{[%clk 0:10:20]} 26. Be4 {[%clk 0:08:51]} Red8 {[%clk 0:04:39]} 27. Nd5
{[%clk 0:06:49]} Re8 {[%clk 0:02:10]} 28. Nc7 {[%clk 0:03:14]} Re7
{[%clk 0:01:48]} 29. Nce6 {[%clk 0:02:20]} Nf7 {[%clk 0:01:21]} 30. Nxf7+
{[%clk 0:01:23]} Rxf7 {[%clk 0:01:49]} 31. Nxf8 {[%clk 0:01:29]} Rbxf8
{[%clk 0:01:59]} 32. a3 {[%clk 0:01:16]} Nc6 {[%clk 0:02:16]} 33. Bc3
{[%clk 0:00:41]} h6 {[%clk 0:01:44]} 34. Re1 {[%clk 0:00:43]} Rf2
{[%clk 0:01:37]} 35. a4 {[%clk 0:00:54]} Ra2 {[%clk 0:01:25]} 36. Bb1
{[%clk 0:01:00]} Raf2 {[%clk 0:01:39]} 37. g4 {[%clk 0:01:09]} R2f7
{[%clk 0:01:23]} 38. Bf5 {[%clk 0:01:08]} Re7 {[%clk 0:01:15]} 39. Bb2
{[%clk 0:00:47]} Rd8 {[%clk 0:00:51]} 40. Bc3 {[%clk 0:00:58]} Kg8
{[%clk 0:00:56]} 41. Bg6 {[%clk 0:00:54]} Rd6 {[%clk 0:01:01]} 42. Bf5
{[%clk 0:01:05]} g6 {[%clk 0:00:44]} 43. Bc2 {[%clk 0:01:29]} Rf7
{[%clk 0:00:41]} 44. Be4 {[%clk 0:01:36]} Re7 {[%clk 0:00:42]} 45. Bc2
{[%clk 0:01:59]} Rde6 {[%clk 0:01:00]} 46. Kf2 {[%clk 0:01:47]} Nd8
{[%clk 0:00:54]} 47. Ba5 {[%clk 0:01:30]} Nf7 {[%clk 0:01:04]} 48. h4
{[%clk 0:01:22]} Nd6 {[%clk 0:01:10]} 49. Bd2 {[%clk 0:00:41]} Ne4+
{[%clk 0:00:48]} 50. Ke2 {[%clk 0:00:45]} Rf6 {[%clk 0:00:48]} 51. Bxe4
{[%clk 0:00:53]} Rxe4 {[%clk 0:01:17]} 52. Rg1 {[%clk 0:01:03]} g5
{[%clk 0:00:56]} 53. h5 {[%clk 0:01:12]} Rfe6 {[%clk 0:00:51]} 54. Rg3
{[%clk 0:01:20]} Kf7 {[%clk 0:00:46]} 55. Rg2 {[%clk 0:00:48]} Ke7
{[%clk 0:00:45]} 56. Rg3 {[%clk 0:00:43]} Kd7 {[%clk 0:00:44]} 57. Ba5
{[%clk 0:00:53]} Kc6 {[%clk 0:00:52]} 58. Bd2 {[%clk 0:00:52]} Rd6
{[%clk 0:00:58]} 59. Rg2 {[%clk 0:00:51]} Ree6 {[%clk 0:00:49]} 60. Bc3
{[%clk 0:00:47]} Re7 {[%clk 0:00:54]} 61. Rg1 {[%clk 0:00:40]} Rde6
{[%clk 0:01:04]} 62. Bd2 {[%clk 0:01:04]} Rf7 {[%clk 0:00:49]} 63. Bc3
{[%clk 0:01:07]} Rd7 {[%clk 0:00:47]} 64. Rc1 {[%clk 0:00:56]} Rde7
{[%clk 0:00:44]} 65. Bd2 {[%clk 0:01:06]} Rf7 {[%clk 0:00:50]} 66. Bc3
{[%clk 0:01:31]} Rd6 {[%clk 0:00:58]} 67. Be5 {[%clk 0:01:31]} Rd8
{[%clk 0:00:55]} 68. Bc3 {[%clk 0:01:35]} Rdf8 {[%clk 0:00:59]} 69. Kd3
{[%clk 0:01:23]} Rf3 {[%clk 0:00:54]} 70. Rg1 {[%clk 0:01:11]} Re8
{[%clk 0:00:54]} 71. Bd2 {[%clk 0:01:30]} Rf2 {[%clk 0:01:13]} 72. Kc3
{[%clk 0:00:36]} Rd8 {[%clk 0:01:15]} 73. Bc1 {[%clk 0:00:48]} Rd6
{[%clk 0:01:18]} 74. e4 {[%clk 0:00:40]} Re2 {[%clk 0:01:32]} 75. Bb2
{[%clk 0:00:37]} Rxe4 {[%clk 0:01:40]} 0-1

[Event "EYCC 2024 - G12"]
[Site "?"]
[Date "2024.08.28"]
[Round "6.12"]
[White "Schirmbeck, Lilian"]
[Black "Chichinadze, Anastasia"]
[Result "0-1"]
[BlackElo "1678"]
[WhiteElo "1786"]
[LiveChessVersion "1.4.8"]

1. d4 {[%clk 1:30:56]} Nf6 {[%clk 1:30:57]} 2. Nf3 {[%clk 1:31:19]} e6
{[%clk 1:31:21]} 3. g3 {[%clk 1:31:41]} b6 {[%clk 1:31:44]} 4. Bg2
{[%clk 1:30:40]} Bb7 {[%clk 1:32:11]} 5. O-O {[%clk 1:29:38]} Be7
{[%clk 1:27:59]} 6. c4 {[%clk 1:28:28]} O-O {[%clk 1:27:39]} 7. Nc3
{[%clk 1:27:28]} d5 {[%clk 1:22:45]} 8. cxd5 {[%clk 1:19:33]} Nxd5
{[%clk 1:20:56]} 9. Re1 {[%clk 1:12:59]} c5 {[%clk 1:13:21]} 10. e4
{[%clk 1:05:19]} cxd4 11. exd5 {[%clk 0:51:36]} dxc3 {[%clk 1:08:21]} 12. dxe6
{[%clk 0:47:28]} Qxd1 {[%clk 1:01:58]} 13. Rxd1 {[%clk 0:46:21]} fxe6
{[%clk 1:01:00]} 14. Ne5 {[%clk 0:41:06]} Bxg2 {[%clk 0:59:39]} 15. Kxg2
{[%clk 0:41:23]} Bc5 {[%clk 0:46:38]} 16. f4 {[%clk 0:39:42]} cxb2
{[%clk 0:43:53]} 17. Bxb2 {[%clk 0:39:30]} Be7 {[%clk 0:29:47]} 18. Rac1
{[%clk 0:31:06]} Na6 {[%clk 0:22:34]} 19. Rd7 {[%clk 0:17:45]} Bf6
{[%clk 0:19:43]} 20. Ba3 {[%clk 0:16:29]} Rfd8 {[%clk 0:19:55]} 21. Rcd1
{[%clk 0:15:45]} Rac8 {[%clk 0:16:39]} 22. Rxd8+ {[%clk 0:12:55]} Rxd8
{[%clk 0:16:29]} 23. Rxd8+ {[%clk 0:13:07]} Bxd8 {[%clk 0:16:47]} 24. Nc6
{[%clk 0:12:57]} Bc7 {[%clk 0:13:41]} 25. Nxa7 {[%clk 0:11:42]} Kf7
{[%clk 0:12:57]} 26. Nb5 {[%clk 0:09:38]} Ke8 {[%clk 0:11:38]} 27. Kf3
{[%clk 0:08:16]} Bd8 {[%clk 0:10:44]} 28. Nd4 {[%clk 0:05:37]} Kd7
{[%clk 0:10:16]} 29. Ke4 {[%clk 0:03:43]} Bf6 {[%clk 0:10:28]} 30. Nf3
{[%clk 0:03:12]} Kc6 {[%clk 0:08:21]} 31. Nd4+ {[%clk 0:02:53]} Kd7
{[%clk 0:08:33]} 32. g4 {[%clk 0:02:38]} Nc7 {[%clk 0:08:31]} 33. g5
{[%clk 0:02:05]} Bxd4 {[%clk 0:08:54]} 34. Kxd4 {[%clk 0:02:17]} Nb5+
{[%clk 0:09:19]} 35. Kc4 {[%clk 0:02:04]} Nxa3+ {[%clk 0:09:42]} 36. Kb4
{[%clk 0:02:18]} Nb1 {[%clk 0:09:58]} 37. Kb5 {[%clk 0:02:30]} Nc3+
{[%clk 0:10:24]} 38. Kxb6 {[%clk 0:02:55]} Nxa2 {[%clk 0:10:49]} 39. Kc5
{[%clk 0:03:10]} Nc3 {[%clk 0:11:08]} 40. Kd4 {[%clk 0:03:29]} Nb5+
{[%clk 0:11:27]} 41. Ke5 {[%clk 0:03:47]} Nd6 {[%clk 0:11:44]} 42. h4
{[%clk 0:03:32]} Nf7+ {[%clk 0:12:05]} 43. Ke4 {[%clk 0:03:48]} g6
{[%clk 0:12:26]} 44. Kf3 {[%clk 0:03:54]} Kd6 {[%clk 0:12:10]} 45. Kg4
{[%clk 0:04:04]} Kd5 {[%clk 0:12:24]} 46. h5 {[%clk 0:04:14]} Ke4
{[%clk 0:12:45]} 47. hxg6 {[%clk 0:03:42]} hxg6 {[%clk 0:13:11]} 48. Kg3
{[%clk 0:03:59]} Nd6 {[%clk 0:13:22]} 49. Kg4 {[%clk 0:04:21]} Nf5
{[%clk 0:13:45]} 50. Kh3 {[%clk 0:04:40]} Kxf4 {[%clk 0:14:09]} 51. Kh2
{[%clk 0:05:03]} Kf3 {[%clk 0:14:31]} 52. Kh3 {[%clk 0:05:26]} e5
{[%clk 0:14:55]} 53. Kh2 {[%clk 0:05:51]} e4 {[%clk 0:15:01]} 54. Kh3
{[%clk 0:06:17]} e3 {[%clk 0:15:26]} 55. Kh2 {[%clk 0:06:30]} e2 {[%clk 0:15:50]}
56. Kh3 {[%clk 0:06:58]} e1=Q {[%clk 0:16:08]} 57. Kh2 {[%clk 0:07:24]} Qg3+
{[%clk 0:16:28]} 0-1

[Event "EYCC 2024 - G12"]
[Site "?"]
[Date "2024.08.28"]
[Round "6.13"]
[White "Gruszecka, Alicja"]
[Black "Kusova, Nikola"]
[Result "1/2-1/2"]
[BlackElo "1659"]
[WhiteElo "1781"]
[LiveChessVersion "1.4.8"]

1. d4 {[%clk 1:30:58]} d5 {[%clk 1:30:52]} 2. c4 {[%clk 1:31:20]} e6
{[%clk 1:31:16]} 3. Nc3 {[%clk 1:31:38]} c5 {[%clk 1:31:39]} 4. cxd5
{[%clk 1:31:47]} exd5 {[%clk 1:32:01]} 5. Nf3 {[%clk 1:31:48]} Nc6
{[%clk 1:32:02]} 6. dxc5 {[%clk 1:32:04]} d4 {[%clk 1:32:24]} 7. Na4
{[%clk 1:32:19]} Bxc5 {[%clk 1:32:25]} 8. Nxc5 {[%clk 1:32:41]} Qa5+
{[%clk 1:32:43]} 9. Bd2 {[%clk 1:32:56]} Qxc5 {[%clk 1:33:06]} 10. b4
{[%clk 1:33:02]} Nxb4 {[%clk 1:23:14]} 11. Rc1 {[%clk 1:33:14]} Qd6
{[%clk 1:22:24]} 12. g3 {[%clk 1:32:08]} Nf6 {[%clk 1:15:12]} 13. Bg2
{[%clk 1:30:14]} O-O {[%clk 1:14:53]} 14. O-O {[%clk 1:29:05]} Nc6
{[%clk 1:06:54]} 15. Bf4 {[%clk 1:24:58]} Qe7 {[%clk 0:58:07]} 16. Re1
{[%clk 1:10:14]} Rd8 {[%clk 0:55:06]} 17. Qd3 {[%clk 1:04:49]} Bg4
{[%clk 0:39:53]} 18. h3 {[%clk 0:50:59]} Bh5 {[%clk 0:36:44]} 19. Nh4
{[%clk 0:49:41]} Nd5 {[%clk 0:29:40]} 20. Bd2 {[%clk 0:42:52]} f6
{[%clk 0:21:41]} 21. a3 {[%clk 0:31:07]} Rac8 {[%clk 0:16:56]} 22. Be4
{[%clk 0:28:52]} g6 {[%clk 0:06:40]} 23. Ng2 {[%clk 0:22:51]} f5 {[%clk 0:05:20]}
24. Bxd5+ {[%clk 0:22:37]} Rxd5 {[%clk 0:05:36]} 25. Nf4 {[%clk 0:22:31]} Re5
{[%clk 0:05:04]} 26. Nxh5 {[%clk 0:20:06]} gxh5 {[%clk 0:05:27]} 27. Qf3
{[%clk 0:15:50]} Qf7 {[%clk 0:05:20]} 28. Bf4 {[%clk 0:09:27]} Ree8
{[%clk 0:05:34]} 29. Rb1 {[%clk 0:07:58]} b6 {[%clk 0:05:31]} 30. Qd3
{[%clk 0:07:22]} Qd5 {[%clk 0:05:42]} 31. Rb5 {[%clk 0:07:27]} Qe4
{[%clk 0:03:38]} 32. Qxe4 {[%clk 0:07:02]} fxe4 {[%clk 0:03:46]} 33. Rxh5
{[%clk 0:07:06]} d3 {[%clk 0:03:19]} 34. exd3 {[%clk 0:06:16]} exd3
{[%clk 0:03:29]} 35. Rxe8+ {[%clk 0:05:58]} Rxe8 {[%clk 0:03:53]} 36. Rd5
{[%clk 0:06:21]} Rd8 {[%clk 0:03:17]} 37. Rxd8+ {[%clk 0:06:32]} Nxd8
{[%clk 0:03:40]} 38. Kf1 {[%clk 0:06:16]} Nc6 {[%clk 0:02:58]} 39. Ke1
{[%clk 0:04:45]} Na5 {[%clk 0:03:23]} 40. Kd2 {[%clk 0:04:14]} Nc4+
{[%clk 0:03:47]} 41. Kxd3 {[%clk 0:04:37]} Nxa3 {[%clk 0:04:05]} 42. Bc1
{[%clk 0:03:33]} Nb5 {[%clk 0:04:05]} 43. Kc4 {[%clk 0:03:54]} Nc7
{[%clk 0:03:31]} 44. Bf4 {[%clk 0:03:16]} Ne6 {[%clk 0:03:57]} 45. Be3
{[%clk 0:01:30]} Kf7 {[%clk 0:03:18]} 46. Kb5 Nd8 {[%clk 0:01:13]} 47. Ka6
{[%clk 0:01:45]} Nc6 {[%clk 0:01:04]} 48. Kb7 {[%clk 0:02:03]} Na5+
{[%clk 0:01:23]} 49. Kxa7 {[%clk 0:02:11]} Nc4 {[%clk 0:01:22]} 50. Bxb6
{[%clk 0:02:07]} h5 {[%clk 0:01:19]} 51. Bd8 {[%clk 0:00:50]} Kg6
{[%clk 0:01:02]} 52. Ka6 {[%clk 0:00:41]} Kf5 {[%clk 0:00:50]} 53. f3
{[%clk 0:00:37]} Ne5 {[%clk 0:00:53]} 54. f4 {[%clk 0:00:35]} Nf3
{[%clk 0:01:07]} 55. Bb6 {[%clk 0:00:35]} Nd2 {[%clk 0:00:35]} 56. Be3
{[%clk 0:00:34]} Ne4 {[%clk 0:00:56]} 57. Kb5 {[%clk 0:00:36]} Nxg3
{[%clk 0:01:13]} 58. Kc4 {[%clk 0:00:41]} Ke4 {[%clk 0:00:53]} 59. Bf2
{[%clk 0:00:35]} Kxf4 {[%clk 0:01:04]} 60. Kd3 {[%clk 0:00:37]} Ne4
{[%clk 0:00:40]} 61. Be1 {[%clk 0:00:38]} Ng5 {[%clk 0:00:47]} 62. Bd2+
{[%clk 0:00:36]} Kf5 {[%clk 0:00:42]} 1/2-1/2

[Event "EYCC 2024 - G12"]
[Site "?"]
[Date "2024.08.28"]
[Round "6.14"]
[White "Vancakova, Veronika"]
[Black "Berezovskii, Arina"]
[Result "0-1"]
[BlackElo "1647"]
[WhiteElo "1776"]
[LiveChessVersion "1.4.8"]

1. d4 {[%clk 1:30:57]} Nf6 {[%clk 1:30:56]} 2. c4 {[%clk 1:31:19]} e6
{[%clk 1:31:22]} 3. Nc3 {[%clk 1:31:42]} Bb4 {[%clk 1:31:47]} 4. e3
{[%clk 1:32:04]} b6 {[%clk 1:32:05]} 5. Nge2 {[%clk 1:31:38]} Ba6
{[%clk 1:32:13]} 6. a3 {[%clk 1:31:56]} Bxc3+ {[%clk 1:32:38]} 7. Nxc3
{[%clk 1:32:16]} d5 {[%clk 1:32:57]} 8. b3 {[%clk 1:23:19]} O-O {[%clk 1:33:16]}
9. Bd3 {[%clk 1:23:22]} dxc4 {[%clk 1:25:00]} 10. bxc4 {[%clk 1:23:20]} Nc6
{[%clk 1:23:30]} 11. O-O {[%clk 1:19:34]} Na5 {[%clk 1:22:43]} 12. Qe2
{[%clk 1:16:49]} Qd7 {[%clk 1:18:37]} 13. Bb2 {[%clk 1:12:31]} Qc6
{[%clk 1:14:51]} 14. d5 {[%clk 0:55:34]} Qd7 {[%clk 1:07:16]} 15. e4
{[%clk 0:46:20]} e5 {[%clk 1:00:34]} 16. Na2 {[%clk 0:38:43]} Qd6
{[%clk 0:51:17]} 17. Nb4 {[%clk 0:34:37]} Bb7 {[%clk 0:48:08]} 18. Rad1
{[%clk 0:32:40]} Nb3 {[%clk 0:42:59]} 19. Bb1 {[%clk 0:28:55]} Nc5
{[%clk 0:39:43]} 20. f4 {[%clk 0:23:17]} Nfd7 {[%clk 0:35:06]} 21. f5
{[%clk 0:13:35]} a5 {[%clk 0:32:25]} 22. Na2 {[%clk 0:09:49]} Ba6
{[%clk 0:30:51]} 23. Nc3 {[%clk 0:09:33]} Nb3 {[%clk 0:27:59]} 24. Nb5
{[%clk 0:06:42]} Bxb5 {[%clk 0:23:29]} 25. cxb5 {[%clk 0:07:05]} Ndc5
{[%clk 0:20:57]} 26. f6 {[%clk 0:01:19]} Na4 {[%clk 0:11:38]} 27. Qg4
{[%clk 0:00:47]} g6 {[%clk 0:11:21]} 28. Qg5 {[%clk 0:00:46]} Rfe8
{[%clk 0:10:46]} 29. Rf3 {[%clk 0:00:48]} Nxb2 {[%clk 0:06:56]} 30. Rxb3
{[%clk 0:01:02]} Nxd1 {[%clk 0:06:45]} 31. Rh3 {[%clk 0:00:33]} Qc5+
{[%clk 0:06:38]} 0-1

[Event "EYCC 2024 - G12"]
[Site "?"]
[Date "2024.08.28"]
[Round "6.15"]
[White "Tolmaceva, Alona"]
[Black "Ndreko, Ailin"]
[Result "1-0"]
[BlackElo "1642"]
[WhiteElo "1766"]
[LiveChessVersion "1.4.8"]

1. d4 {[%clk 1:30:53]} d5 {[%clk 1:30:41]} 2. Bf4 {[%clk 1:30:57]} Nf6
{[%clk 1:30:02]} 3. e3 {[%clk 1:30:06]} e6 {[%clk 1:26:13]} 4. Nf3
{[%clk 1:26:30]} Be7 {[%clk 1:22:23]} 5. Nbd2 {[%clk 1:25:55]} O-O
{[%clk 1:16:05]} 6. h4 {[%clk 1:20:11]} c5 {[%clk 1:08:17]} 7. c3
{[%clk 1:13:05]} Nc6 {[%clk 1:04:02]} 8. Bd3 {[%clk 1:07:02]} cxd4
{[%clk 0:54:54]} 9. exd4 {[%clk 1:05:41]} Bd6 {[%clk 0:48:21]} 10. Ne5
{[%clk 1:03:25]} Qc7 {[%clk 0:47:23]} 11. Ndf3 {[%clk 1:02:48]} Nd7
{[%clk 0:33:08]} 12. Bxh7+ {[%clk 0:42:58]} Kxh7 {[%clk 0:24:32]} 13. Ng5+
{[%clk 0:43:07]} Kg8 {[%clk 0:24:53]} 14. Nxd7 {[%clk 0:43:03]} Bxf4
{[%clk 0:23:57]} 15. Qh5 {[%clk 0:42:11]} Bxg5 {[%clk 0:22:52]} 16. hxg5
{[%clk 0:42:29]} f5 {[%clk 0:06:06]} 17. g6 {[%clk 0:42:28]} Qe5+
{[%clk 0:04:23]} 18. Nxe5 {[%clk 0:42:51]} 1-0

[Event "EYCC 2024 - G12"]
[Site "?"]
[Date "2024.08.28"]
[Round "6.16"]
[White "Alfaro Aldunate, Amaya"]
[Black "Lickova, Anna"]
[Result "1-0"]
[BlackElo "1621"]
[WhiteElo "1725"]
[LiveChessVersion "1.4.8"]

1. e4 e5 2. Nf3 Nf6 3. d4 exd4 4. e5 Nd5 5. Qxd4 Nb6 6. Qe4 Be7 7. Bf4 d5 8. exd6
cxd6 9. Nc3 d5 10. Qe3 Nc6 11. O-O-O Bf5 12. Nd4 Bg6 13. Bb5 Rc8 14. Rhe1 a6 15.
Nxc6 bxc6 16. Bxa6 Ra8 17. Bb7 Ra5 18. Bxc6+ Kf8 19. Nxd5 Nxd5 20. Rxd5 Rxd5 21.
Bxd5 h5 22. Bc6 h4 23. b4 Rh5 24. a4 f6 25. Bf3 Rh8 26. b5 Bb4 27. Rd1 Qc8 28.
Bc6 Rh5 29. Qb3 Be7 30. Be3 Bf7 31. Qd3 Qb8 32. h3 Qe5 33. Bd4 Qf4+ 34. Qe3 Qf5
35. Be4 Qc8 36. Bd3 Qa8 37. Re1 Bb4 38. c3 Ba3+ 39. Kd2 Qxa4 40. b6 Qa8 41. Be4
Qb8 42. Rb1 Bd6 43. Ke2 Bc4+ 44. Ke1 f5 45. Qf3 g6 46. Bd5 Bxd5 47. Qxd5 f4 48.
Qe6 Be5 49. Qxg6 Rh8 50. Qf5+ Kg8 51. Qxe5 Qb7 52. Qxh8+ Kf7 53. Qh7+ Ke8 54.
Qxb7 Kd8 55. Ra1 f3 56. Ra8# 1-0